| 000 | 00408nam a2200157Ia 4500 | ||
|---|---|---|---|
| 008 | 231221s9999 xx 000 0 und d | ||
| 020 | _a81-7611-290-9 | ||
| 041 | _aEnglish | ||
| 082 | _a910.41 NIH;1 R | ||
| 100 | _aNihalani, Meeta | ||
| 245 | 0 | _aManagement of international tourism | |
| 260 |
_c2005 _bRBSA Pub _aJaipur |
||
| 300 | _a254 | ||
| 650 | _aManagement,international,tourism | ||
| 942 | _cHM | ||
| 999 |
_c208120 _d208120 |
||